Alejandro el grande : (Record no. 30484)
[ view plain ]
| 000 -CABECERA | |
|---|---|
| campo de control de longitud fija | 00791nam a2200229 a 4500 |
| 001 - NÚMERO DE CONTROL | |
| campo de control | 000030992 |
| 003 - IDENTIFICADOR DEL NÚMERO DE CONTROL | |
| campo de control | OSt |
| 005 - FECHA Y HORA DE LA ÚLTIMA TRANSACCIÓN | |
| campo de control | 20240409073904.0 |
| 008 - DATOS DE LONGITUD FIJA--INFORMACIÓN GENERAL | |
| campo de control de longitud fija | 110609s1937 dr r 000 d spa d |
| 040 ## - FUENTE DE LA CATALOGACIÓN | |
| Centro catalogador/agencia de origen | DO-SdBNP |
| Lengua de catalogación | spa |
| Centro/agencia transcriptor | BNPHU |
| 082 #4 - NÚMERO DE LA CLASIFICACIÓN DECIMAL DEWEY | |
| Número de clasificación | RD862.4 |
| Número de documento/Ítem | R436a |
| Número de edición | 22 |
| 100 1# - ENTRADA PRINCIPAL--NOMBRE DE PERSONA | |
| Nombre de persona | Resumil Aragunde, Manuel |
| 9 (RLIN) | 17418 |
| 245 10 - MENCIÓN DE TÍTULO | |
| Título | Alejandro el grande : |
| Resto del título | comedia en tres actos / |
| Mención de responsabilidad, etc. | Manuel Resumil Aragunde. |
| 260 ## - PUBLICACIÓN, DISTRIBUCIÓN, ETC. | |
| Lugar de publicación, distribución, etc. | Ciudad Trujillo, República Dominicana : |
| Nombre del editor, distribuidor, etc. | Imprenta Montalvo, |
| Fecha de publicación, distribución, etc. | 1937. |
| 300 ## - DESCRIPCIÓN FÍSICA | |
| Extensión | 65 p. ; |
| Dimensiones | 20 cm. |
| 586 ## - NOTA DE PREMIOS | |
| Nota de premios | Obra laureada con el Primer Premio en el Certamen del Ateneo de Macorís, 1935. |
| 590 ## - NOTA LOCAL (RLIN) | |
| Nota local | Inventariado, 2019/BT |
| 650 #0 - PUNTO DE ACCESO ADICIONAL DE MATERIA--TÉRMINO DE MATERIA | |
| Término de materia o nombre geográfico como elemento de entrada | Teatro dominicano |
| 9 (RLIN) | 637 |
| 650 #4 - PUNTO DE ACCESO ADICIONAL DE MATERIA--TÉRMINO DE MATERIA | |
| Término de materia o nombre geográfico como elemento de entrada | Literatura dominicano |
| 9 (RLIN) | 177 |
| 910 ## - DATOS DE OPCIÓN DEL USUARIO (OCLC) | |
| Datos de opción del usuario | Validado. Control de calidad MFF |
| 942 ## - ELEMENTOS DE PUNTO DE ACCESO ADICIONAL (KOHA) | |
| Fuente del sistema de clasificación o colocación | Dewey Decimal Classification |
| Tipo de ítem Koha | Libro |
| Estado de retiro | Estado de pérdida | Fuente del sistema de clasificación o colocación | Restricciones de uso | No para préstamo | Código de colección | Localización permanente | Ubicación/localización actual | Ubicación en estantería | Fecha de adquisición | Total de préstamos | Signatura topográfica completa | Código de barras | Fecha visto por última vez | Número de copia | Precio válido a partir de | Tipo de ítem Koha | Nota pública |
|---|---|---|---|---|---|---|---|---|---|---|---|---|---|---|---|---|---|
| Dewey Decimal Classification | Préstamo en sala | Raros y valiosos | Biblioteca Nacional Pedro Henríquez Ureña | General | Depósito | 28.06.2011 | BNPHU DS-RV RD862.4 R436a | 30992-30 | 25.06.2020 | e.3 | 25.06.2020 | Libro | Perteneció a la biblioteca personal de Martínez Boog. Dedicado por el autor. | ||||
| Dewey Decimal Classification | Excluido de préstamo | Excluido de préstamo | Raros y valiosos | Biblioteca Nacional Pedro Henríquez Ureña | Patrimonio Dominicano | Depósito | 09.06.2011 | BNPHU PD-RV RD862.4 R436a | 30992-10 | 25.06.2020 | 25.06.2020 | Libro | Perteneció a la biblioteca personal de Carlos Larrazábal Blanco. Dedicado por el autor. | ||||
| Dewey Decimal Classification | Excluido de préstamo | Préstamo restrigido | Raros y valiosos | Biblioteca Nacional Pedro Henríquez Ureña | Patrimonio Dominicano | Depósito | 27.06.2011 | BNPHU PD-RV RD862.4 R436a | 30992-20 | 25.06.2020 | e.2 | 25.06.2020 | Libro | Perteneció a la biblioteca personal de Martínez Boog. |
